000
00293nam a22001337a 4500
008
170814b xxu||||| |||| 00| 0 eng d
020
_a
0871503069
041
_a
eng
080
_a
51
100
_a
36
101
_a
MAT
245
_a
APPLIED FINITE MATHEMATICS
_c
HUNKINS,D.R
942
_2
udc
_c
BK
999
_c
23443
_d
23443